000 00597nam a2200205Ia 4500
008 170504s9999 xx 000 0 und d
050 _aT 58.6
050 _b.T164 2016
100 _aTaniguchi, Daichi Paul S.
245 _aDental clinic management system for soriano dental clinic /
245 _cDaichi Paul S. Taniguchi.
260 _aLas PiƱas, Philippines :
260 _bSISC,
260 _c2016.
300 _a191 pages :
300 _billustrations ;
300 _c28 cm.
500 _aIncludes bibliographical references and appendices.
521 _aInformation Technology
999 _c329731
_d329731